00753nam a2200205 a 450000100060000000300080000600500170001400800410003103500190007204000350009104100080012608200280013410000220016224501880018426000530037230000320042550400390045761000280049670000230052460837BD-RjUL20211209080904.0500101s1962 enk 001 0 eng d a(BD-RjUL)60961 aBD-RjULcBD-RjULdBD-RjULbeng aeng a378.42659223bPEA 19621 a Peek, Heather E.14aThe Archives of the University of Cambridge :ban historical introduction /cby Heather E. Peek, keeper of the Archives, and Catherine P. Hall, sometime deputy keeper of the Archives. aCambridge :bCambridge University Press,cc1962. avii, 89 p. :bill. ;c26cm. aIncludes bibliographies and index.20aUniversity of Cambridge1 aHall, Catherine P.